000 00603nam a2200217 a 4500
001 19573
003 CO-ViMGA
008 141112s2004 ck r 000 u spa d
020 _a8489979882
040 _aCO-ViMGA
_bspa
_cCO-ViMGA
082 0 4 _aDAEg
100 1 _aDaeninckx, Didier
_928276
245 1 0 _aEl Gato de Tigali
260 _aMadrid :
_bIntermon,
_c1999
300 _a63 p. il.
490 _aPequeños ciudadanos; 1
590 _aForma de adquisición : Premio Mincultura
650 1 4 _aCUENTOS INFANTILES FRANCESES
_97840
650 1 4 _aGATOS - CUENTOS INFANTILES
_928277
942 _2ddc
_cBK
999 _c28713
_d28713